000 00709nam a2200265Ia 4500
001 31487
005 20240114001529.0
007 ta
008 060808s1953 g b000 u 465 u
040 _aCotton College,Assam
041 _a465
082 _a294.23
_bC 448 B
100 _aChitale, Mahadeo Parashuram .
245 0 _aBhagawat Gita and Hindu Dharma /
_cMahadeo Parashuram Chitale.
_hTextual Documents
250 _a1st ed. /
260 _aPoona :
_bContinental ,
_c1953.
300 _a411p. ;
_c19cm.
653 _aReligion-Hindu
653 _aReligious Literature-Gita
653 _aGita
653 _aG-Religion
942 _2ddc
_cBK
999 _c31469
_d31469